Lilavati of Bhaskaracarya (Record no. 60667)
[ view plain ]
| 000 -LEADER | |
|---|---|
| fixed length control field | 00610nam a22002057a 4500 |
| 005 - DATE & TIME | |
| control field | 20260421125840.0 |
| 008 - FIXED-LENGTH DATA ELEMENTS--GENERAL INFORMATION | |
| fixed length control field | 260421b |||||||| |||| 00| 0 eng d |
| 020 ## - ISBN | |
| International Standard Book Number | 9788120817777 |
| Price | 375.00 |
| 040 ## - CATALOGING SOURCE | |
| Original cataloging agency | Doon University |
| 041 ## - Language | |
| Language | English |
| 082 ## - DDC NUMBER | |
| Classification number | 510 |
| Book Number | PAT |
| 100 ## - MAIN ENTRY--PERSONAL NAME | |
| Personal name | Patwardhan, Krishnaji Shankara |
| 245 ## - TITLE STATEMENT | |
| Title | Lilavati of Bhaskaracarya |
| Sub Title | :a Treatise of Mathematics of Vedic tradition |
| 260 ## - PUBLICATION, DISTRIBUTION, ETC. (IMPRINT) | |
| Place of publication, distribution, etc | Delhi |
| Name of publisher, distributor, etc | Motilal Banarsidass |
| Date of publication, distribution, etc | 2017 |
| 300 ## - PHYSICAL DESCRIPTION | |
| Pages | 201 |
| 650 ## - Subject | |
| Subject | Hindu Studies |
| 700 ## - Added Entry Personal Name | |
| Added Entry Personal Name | Naimpally, Someshakhara Amrita |
| 700 ## - Added Entry Personal Name | |
| Added Entry Personal Name | Singh, Shyam Lal |
| 942 ## - ADDED ENTRY ELEMENTS (KOHA) | |
| Koha item type | Books |
| 100 ## - MAIN ENTRY--PERSONAL NAME | |
| -- | 26671 |
| 650 ## - Subject | |
| -- | 25783 |
| 700 ## - Added Entry Personal Name | |
| -- | 26672 |
| 700 ## - Added Entry Personal Name | |
| -- | 26673 |
| 952 ## - LOCATION AND ITEM INFORMATION (KOHA) | |
| -- | 2026-04-21 |
| 952 ## - LOCATION AND ITEM INFORMATION (KOHA) | |
| -- | 2026-04-21 |
| 952 ## - LOCATION AND ITEM INFORMATION (KOHA) | |
| -- | 2026-04-21 |
| 952 ## - LOCATION AND ITEM INFORMATION (KOHA) | |
| -- | 2026-04-21 |
| Withdrawn status | Lost status | Source of classification or shelving scheme | Damaged status | Not for loan | Location (home branch) | Sublocation or collection (holding branch) | Date acquired | Koha full call number | Accession No. | Koha date last seen | Koha item type | Koha issues (times borrowed) |
|---|---|---|---|---|---|---|---|---|---|---|---|---|
| Not For Loan | Doon University | Doon University | 21.04.2026 | 510 PAT | 54057 | 21.04.2026 | Reference | |||||
| Doon University | Doon University | 21.04.2026 | 510 PAT | 54058 | 21.04.2026 | Books | ||||||
| Doon University | Doon University | 21.04.2026 | 510 PAT | 54059 | 21.04.2026 | Books | ||||||
| Doon University | Doon University | 21.04.2026 | 510 PAT | 54060 | 21.04.2026 | Books |